[Event "31st 4NCL Congress"]
[Site "Harrogate, North Yorkshire, ENG"]
[Date "2024.01.20"]
[Round "3.19"]
[White "Flint, Martina"]
[Black "Leigh, Dominic"]
[Result "0-1"]
[WhiteElo "1941"]
[BlackElo "1687"]
[PlyCount "96"]
[EventDate "2024.01.19"]

1. f4 d5 2. g3 g6 3. Bg2 Bg7 4. Nf3 Nf6 5. O-O O-O 6. c3 Nbd7 7. d3 b6 8. Qc2
Bb7 9. h3 Ne8 10. e4 dxe4 11. dxe4 e5 12. Be3 Nd6 13. Nbd2 Qe7 14. f5 Nf6 15.
Bg5 h6 16. Bxf6 Bxf6 17. Nh2 Kh7 18. Rae1 Rg8 19. Ng4 g5 20. Ne3 c6 21. Kh2
Rad8 22. Bf3 Ne8 23. Rf2 Qc7 24. a3 Bc8 25. c4 Be7 26. b4 Nf6 27. Ng4 Nxg4+ 28.
Bxg4 f6 29. Nf1 Bd7 30. Ne3 Be8 31. Qe2 Bf7 32. Rc1 Qd7 33. Rd1 Qc7 34. Rxd8
Rxd8 35. Bh5 Bf8 36. Ng4 Qe7 37. Bg6+ Kg8 38. h4 h5 39. Ne3 g4 40. Rf1 Bh6 41.
Bxf7+ Qxf7 42. Rf2 Bxe3 43. Qxe3 Kg7 44. c5 Rd4 45. cxb6 axb6 46. Rc2 Qd7 47.
Qc3 Rxe4 48. Qxc6 Re2+ 0-1

[Event "31st 4NCL Congress"]
[Site "Harrogate, North Yorkshire, ENG"]
[Date "2024.01.20"]
[Round "3.20"]
[White "Hall, James"]
[Black "Meredith, Daniel"]
[Result "1-0"]
[WhiteElo "1969"]
[BlackElo "1778"]
[PlyCount "73"]
[EventDate "2024.01.19"]

1. d4 Nf6 2. Nc3 d5 3. e4 dxe4 4. Bg5 e6 5. f3 e3 6. Qe2 Be7 7. Bxe3 Nd5 8. Nh3
Nc6 9. Nxd5 exd5 10. Nf4 O-O 11. Qd2 a6 12. c3 Re8 13. Bd3 Qd6 14. Kf2 Be6 15.
Rae1 Nb8 16. Nh5 Nd7 17. Bf4 Qb6 18. Bh6 g6 19. Ng7 Red8 20. h4 Nf8 21. h5 c5
22. Nxe6 Nxe6 23. hxg6 fxg6 24. Qe3 Rd6 25. Kf1 Bf6 26. dxc5 Qxc5 27. Qd2 d4
28. c4 Bg5 29. Bxg5 Qxg5 30. Qxg5 Nxg5 31. Re7 b6 32. c5 bxc5 33. f4 Rf8 34.
Bc4+ Nf7 35. Ke2 Rdd8 36. Kd3 Rde8 37. Bxf7+ 1-0

[Event "31st 4NCL Congress"]
[Site "Harrogate, North Yorkshire, ENG"]
[Date "2024.01.20"]
[Round "3.21"]
[White "Hall, David G"]
[Black "Bielby, Paul R"]
[Result "1-0"]
[WhiteElo "1763"]
[BlackElo "1908"]
[PlyCount "53"]
[EventDate "2024.01.19"]

1. d4 Nf6 2. Nf3 d5 3. c4 e6 4. Nbd2 Be7 5. Qc2 O-O 6. g3 c6 7. Bg2 Nbd7 8. O-O
b6 9. e4 h6 10. Rd1 Bb7 11. b3 Rc8 12. Bb2 Qc7 13. Rac1 dxe4 14. Nxe4 Nxe4 15.
Qxe4 Bf6 16. Ne5 Ba8 17. c5 Bxe5 18. cxb6 axb6 19. dxe5 c5 20. Qe2 Bxg2 21.
Kxg2 Rfd8 22. Rd6 Nb8 23. Rcd1 Rxd6 24. exd6 Qd7 25. Qg4 f5 26. Qg6 Nc6 27.
Bxg7 1-0

[Event "31st 4NCL Congress"]
[Site "Harrogate, North Yorkshire, ENG"]
[Date "2024.01.20"]
[Round "3.22"]
[White "Webb, Nicholas"]
[Black "Salisbury, Paul"]
[Result "1-0"]
[WhiteElo "1837"]
[BlackElo "1728"]
[PlyCount "81"]
[EventDate "2024.01.19"]

1. Nf3 d5 2. c4 dxc4 3. e4 e6 4. Bxc4 c5 5. O-O Nc6 6. Nc3 Nge7 7. d3 Ng6 8.
Be3 Nd4 9. a4 Nxf3+ 10. Qxf3 Ne5 11. Bb5+ Bd7 12. Qg3 Nc6 13. f4 Qc7 14. Qf2 a6
15. Bc4 Nd4 16. f5 Bd6 17. g3 O-O 18. f6 g6 19. Bf4 Bxf4 20. gxf4 Rfc8 21. Qh4
Qd8 22. Rae1 h5 23. Re3 Qf8 24. Rg3 Qh6 25. Rf2 Kh7 26. Rg5 Rg8 27. Rxc5 Bc6
28. Rg5 Raf8 29. Ne2 Nxe2+ 30. Rxe2 Rd8 31. a5 Rd6 32. Reg2 Be8 33. Qf2 Bc6 34.
h4 Rd7 35. R2g3 Qf8 36. Qe2 Qh6 37. f5 exf5 38. exf5 Rdd8 39. Bxf7 Be8 40.
fxg6+ Kh8 41. Rxh5 1-0

[Event "31st 4NCL Congress"]
[Site "Harrogate, North Yorkshire, ENG"]
[Date "2024.01.20"]
[Round "3.23"]
[White "Tarbuck, Laurence JM"]
[Black "Macphail, Kieran"]
[Result "0-1"]
[WhiteElo "1708"]
[BlackElo "1820"]
[PlyCount "148"]
[EventDate "2024.01.19"]

1. Nf3 Nf6 2. g3 e6 3. Bg2 c5 4. O-O d5 5. d3 Be7 6. Nbd2 O-O 7. e4 Nc6 8. Qe2
Qc7 9. c3 Rb8 10. a4 dxe4 11. dxe4 e5 12. Nc4 Be6 13. Nfd2 Rfd8 14. Ne3 Rd7 15.
Rd1 Rbd8 16. Ndf1 Rxd1 17. Nxd1 Na5 18. Nde3 Nb3 19. Rb1 c4 20. Bd2 Qd7 21. Be1
Qxa4 22. Nd5 Nxd5 23. exd5 Bxd5 24. Bxd5 Rxd5 25. Ne3 Rd8 26. Nxc4 f6 27. Ne3
Qe4 28. Rd1 Rxd1 29. Qxd1 Nc5 30. Qd5+ Qxd5 31. Nxd5 Kf7 32. b4 Nd3 33. Bd2 Bd8
34. Kf1 Ke6 35. Ne3 e4 36. Ke2 Ne5 37. c4 Nf3 38. h4 h5 39. Bc3 g5 40. Nd5 gxh4
41. gxh4 Nxh4 42. Nf4+ Kf5 43. Nxh5 Ng2 44. Bd4 b6 45. Ng7+ Kg6 46. Ne8 f5 47.
Nd6 Nf4+ 48. Kd2 Nd3 49. b5 Bg5+ 50. Be3 Nxf2 51. Bxg5 Kxg5 52. Nc8 Nd3 53.
Nxa7 Nc5 54. Nc6 Na4 55. Nd8 Kf6 56. Ke3 Ke5 57. Nf7+ Kf6 58. Nd6 Ke6 59. Ne8
Ke5 60. Nc7 f4+ 61. Ke2 Kd4 62. Ne6+ Kxc4 63. Nxf4 Kxb5 64. Ke3 Nc5 65. Kd4 Nd3
66. Nd5 Nc5 67. Nc3+ Kc6 68. Nxe4 Nxe4 69. Kxe4 Kc5 70. Kd3 Kb4 71. Kc2 Ka3 72.
Kb1 Kb3 73. Ka1 b5 74. Kb1 b4 0-1

[Event "31st 4NCL Congress"]
[Site "Harrogate, North Yorkshire, ENG"]
[Date "2024.01.20"]
[Round "3.24"]
[White "Rughani, Mahin"]
[Black "Sharkey, Gary"]
[Result "0-1"]
[WhiteElo "1814"]
[BlackElo "1707"]
[PlyCount "92"]
[EventDate "2024.01.19"]

1. d4 Nf6 2. Bf4 d6 3. Nc3 g6 4. e4 Bg7 5. Qd2 O-O 6. O-O-O Nbd7 7. f3 c5 8. d5
a6 9. Bh6 b5 10. h4 Qa5 11. g4 c4 12. Nge2 b4 13. Nb1 Ne5 14. Bxg7 Kxg7 15. g5
Nh5 16. f4 c3 17. Qd4 Qxa2 18. bxc3 f6 19. fxe5 fxe5 20. Qxb4 Bd7 21. Qa3 Qc4
22. Nd2 Qc7 23. Bg2 Bg4 24. Bf1 Rac8 25. c4 Qb6 26. Qd3 Rb8 27. Nb3 a5 28. Kd2
Rf3 29. Bh3 Rxd3+ 30. Kxd3 Bxe2+ 31. Kxe2 Ng3+ 32. Kf3 Nxh1 33. Rxh1 Rf8+ 34.
Bf5 gxf5 35. c5 fxe4+ 36. Kxe4 Rf4+ 37. Ke3 dxc5 38. Kd2 c4 39. Nc1 Qd4+ 40.
Ke1 Qe4+ 41. Kd2 Qxh1 42. Ne2 Rf2 43. d6 Qd5+ 44. Ke3 Qf3+ 45. Kd2 Rxe2+ 46.
Kd1 Qf1# 0-1

[Event "31st 4NCL Congress"]
[Site "Harrogate, North Yorkshire, ENG"]
[Date "2024.01.20"]
[Round "3.25"]
[White "Stone, Ian C"]
[Black "Siu, Kam Wa"]
[Result "0-1"]
[WhiteElo "1705"]
[BlackElo "1795"]
[PlyCount "124"]
[EventDate "2024.01.19"]

1. e4 c5 2. Nf3 g6 3. c3 d5 4. exd5 Qxd5 5. Be2 Nc6 6. O-O Bg7 7. Na3 Bf5 8.
Nc2 Bd3 9. Ne3 Qd7 10. Bxd3 Qxd3 11. Qc2 O-O-O 12. Rb1 Nf6 13. Qxd3 Rxd3 14. b4
cxb4 15. cxb4 Nd5 16. Ne1 Nxe3 17. fxe3 Rd7 18. b5 Ne5 19. Rb4 f5 20. d4 Rc7
21. dxe5 Rxc1 22. Nf3 Rc5 23. Rd1 Bxe5 24. Nxe5 Rxe5 25. Rc4+ Kb8 26. a4 Rxe3
27. Kf2 Re5 28. Rdc1 Rd8 29. R1c2 Red5 30. Ke3 e5 31. h3 b6 32. Ke2 R8d7 33.
Rc8+ Kb7 34. Rh8 Rc5 35. Rd2 Rxd2+ 36. Kxd2 Rd5+ 37. Ke3 Rd7 38. Re8 e4 39. Kf4
Kc7 40. Ra8 Kd6 41. g4 fxg4 42. hxg4 Kd5 43. Ke3 Kc4 44. Re8 Rd3+ 45. Kxe4 Ra3
46. Re7 Rxa4 47. Rxh7 Kxb5+ 48. Kf3 a5 49. Rg7 Rc4 50. Rxg6 a4 51. Re6 a3 52.
g5 a2 53. Re1 Kb4 54. g6 Rc6 55. Rg1 Rxg6 56. Rxg6 a1=Q 57. Rxb6+ Kc5 58. Rb8
Qd1+ 59. Kg2 Qe2+ 60. Kg1 Kd6 61. Rd8+ Ke7 62. Rc8 Qg4+ 0-1

[Event "31st 4NCL Congress"]
[Site "Harrogate, North Yorkshire, ENG"]
[Date "2024.01.20"]
[Round "3.26"]
[White "Echavarria Hidalgo, Fernando"]
[Black "Holi, Siefaldin A"]
[Result "1-0"]
[WhiteElo "1791"]
[BlackElo "1706"]
[PlyCount "91"]
[EventDate "2024.01.19"]

1. e4 d6 2. d4 Nf6 3. Nc3 c6 4. Nf3 g6 5. Be2 Bg7 6. O-O O-O 7. Bf4 Nh5 8. Be3
Nd7 9. Qd2 f5 10. exf5 gxf5 11. Bh6 Rf6 12. Bxg7 Nxg7 13. Bc4+ Kh8 14. d5 Ne5
15. Nxe5 dxe5 16. Qe2 b5 17. Bb3 b4 18. Nd1 Qc7 19. dxc6 Rxc6 20. c3 a5 21. Re1
Rc5 22. Ne3 e6 23. cxb4 axb4 24. Qd2 f4 25. Ng4 Bb7 26. Rac1 Raa5 27. Rxc5 Rxc5
28. Nxe5 Nh5 29. Qxb4 Kg7 30. Nd3 Rg5 31. Rxe6 Bxg2 32. Re7+ Kf6 33. Re6+ Kf5
34. Qf8+ Kg4 35. Kxg2 Qb7+ 36. Kf1 Qh1+ 37. Ke2 Qxh2 38. Kd2 Rf5 39. Bd1+ f3
40. Re4+ Nf4 41. Bxf3+ Kg5 42. Qd8+ Kg6 43. Qd6+ Rf6 44. Nxf4+ Kg5 45. Ne6+
Rxe6 46. Qxh2 1-0

[Event "31st 4NCL Congress"]
[Site "Harrogate, North Yorkshire, ENG"]
[Date "2024.01.20"]
[Round "3.27"]
[White "Farahmandpour, Ehsan"]
[Black "Williamson, Graham AG"]
[Result "0-1"]
[WhiteElo "1654"]
[BlackElo "1787"]
[PlyCount "116"]
[EventDate "2024.01.19"]

1. d4 f5 2. Bf4 e6 3. e3 Nf6 4. h4 d5 5. h5 c6 6. Nd2 Nbd7 7. Ngf3 Be7 8. c4
Ne4 9. Nxe4 dxe4 10. Nd2 Bf6 11. Qb3 e5 12. dxe5 Nxe5 13. O-O-O Qe7 14. Be2 Be6
15. Qa4 O-O 16. f3 b5 17. Qa5 Nd3+ 18. Bxd3 exd3 19. Nb3 Bxc4 20. Rd2 Rfd8 21.
Qa3 b4 22. Qa5 Rd5 23. Qc7 Qxc7 24. Bxc7 Be5 25. Bxe5 Rxe5 26. Nd4 c5 27. f4
Rd5 28. b3 Ba6 29. Nc6 Kf8 30. Ne5 Rc8 31. Rhd1 Rcd8 32. Kb2 Bb5 33. a4 bxa3+
34. Kxa3 a6 35. Kb2 Ke7 36. Kc3 a5 37. Nxd3 Bxd3 38. Rxd3 Ke6 39. Kc4 Rxd3 40.
Rxd3 Rxd3 41. Kxd3 Kd5 42. Kc3 Ke4 43. Kc4 Kxe3 44. Kxc5 Kxf4 45. Kb5 Kg3 46.
Kxa5 Kxg2 47. b4 f4 48. b5 f3 49. b6 f2 50. b7 f1=Q 51. Kb6 Qb1+ 52. Kc7 g5 53.
b8=Q Qxb8+ 54. Kxb8 Kh3 55. Kc7 Kh4 56. h6 Kh5 57. Kd6 g4 58. Ke5 g3 0-1

[Event "31st 4NCL Congress"]
[Site "Harrogate, North Yorkshire, ENG"]
[Date "2024.01.20"]
[Round "3.28"]
[White "Wilson, Graham J"]
[Black "Freund, Michael P"]
[Result "1/2-1/2"]
[WhiteElo "1785"]
[BlackElo "1661"]
[PlyCount "56"]
[EventDate "2024.01.19"]

1. e4 e6 2. d3 d5 3. Nd2 dxe4 4. dxe4 Bc5 5. Ngf3 Nf6 6. Bd3 e5 7. O-O Bg4 8.
Nb3 Be7 9. Be3 O-O 10. h3 Bxf3 11. Qxf3 Nbd7 12. Rad1 c6 13. Qe2 Qc7 14. f4
exf4 15. Bxf4 Bd6 16. Bg5 Be5 17. c3 h6 18. Be3 c5 19. Nd2 a6 20. Nc4 Qc6 21.
Rf5 Rfe8 22. Rdf1 Bc7 23. Nd2 Re5 24. Qf2 Rxf5 25. exf5 Ne5 26. Be2 Rd8 27. Bf3
Nxf3+ 28. Nxf3 Ne4 1/2-1/2

[Event "31st 4NCL Congress"]
[Site "Harrogate, North Yorkshire, ENG"]
[Date "2024.01.20"]
[Round "3.29"]
[White "Mottram, Paul"]
[Black "Tomlinson, Zak"]
[Result "1-0"]
[WhiteElo "1674"]
[BlackElo "1782"]
[PlyCount "83"]
[EventDate "2024.01.19"]

1. d4 Nf6 2. c4 e6 3. Nc3 Bb4 4. e3 b6 5. Nge2 Bb7 6. a3 Bxc3+ 7. Nxc3 O-O 8.
Bd3 d5 9. O-O c5 10. cxd5 exd5 11. b3 Nc6 12. Ne2 Qd6 13. h3 Rfe8 14. Bb2 Rac8
15. Ng3 Ne7 16. Rc1 c4 17. bxc4 dxc4 18. Bxc4 Rxc4 19. Rxc4 Bxg2 20. Kxg2 Qd5+
21. Kg1 Qxc4 22. Qd2 Qe6 23. Kg2 Ng6 24. Kh2 Nh4 25. Qe2 Ne4 26. Qg4 Qxg4 27.
hxg4 Nf3+ 28. Kg2 Nxg3 29. Kxg3 Ng5 30. Rc1 Ne6 31. e4 Rd8 32. d5 Nc5 33. Rc4
g6 34. Bf6 Rd7 35. f4 Kf8 36. g5 Rd6 37. Kf3 h5 38. Bd4 Nd7 39. Rc8+ Ke7 40.
Be5 Nxe5+ 41. fxe5 Rd7 42. d6+ 1-0

[Event "31st 4NCL Congress"]
[Site "Harrogate, North Yorkshire, ENG"]
[Date "2024.01.20"]
[Round "3.30"]
[White "Cooper, Malcolm H"]
[Black "Griffin-Young, Sebastian"]
[Result "1/2-1/2"]
[WhiteElo "1778"]
[BlackElo "1548"]
[PlyCount "72"]
[EventDate "2024.01.19"]

1. d4 Nf6 2. c4 g6 3. Nc3 Bg7 4. e4 d6 5. Nf3 O-O 6. Be2 Nbd7 7. O-O e5 8. d5
Nh5 9. Be3 Ndf6 10. b4 Nf4 11. Re1 Ng4 12. Bd2 f5 13. Rc1 fxe4 14. Nxe4 Bf5 15.
Ng3 Bd3 16. Bf1 Bxf1 17. Rxf1 Nd3 18. Bg5 Ndxf2 19. Rxf2 Nxf2 20. Qe2 Qe8 21.
Kxf2 h6 22. Bd2 g5 23. Kg1 Qg6 24. Qe4 Kh7 25. Rf1 Rf6 26. h3 Raf8 27. Be3 Qxe4
28. Nxe4 Rf5 29. Nfd2 Rxf1+ 30. Nxf1 Kg6 31. Nfd2 c6 32. a4 a6 33. Nf3 Bf6 34.
g4 Be7 35. Kg2 Rc8 36. Nfd2 a5 1/2-1/2

[Event "31st 4NCL Congress"]
[Site "Harrogate, North Yorkshire, ENG"]
[Date "2024.01.20"]
[Round "3.31"]
[White "McKerracher, Douglas"]
[Black "Corcoran, Gary"]
[Result "1-0"]
[WhiteElo "1798"]
[BlackElo "1796"]
[PlyCount "85"]
[EventDate "2024.01.19"]

1. e4 c5 2. Nc3 Nc6 3. g3 g6 4. Bg2 Bg7 5. d3 e6 6. f4 Nge7 7. Nf3 d6 8. O-O
O-O 9. Be3 a6 10. Rb1 f5 11. e5 dxe5 12. fxe5 Nxe5 13. Nxe5 Bxe5 14. Bxc5 Bd4+
15. Bxd4 Qxd4+ 16. Kh1 e5 17. Qe2 Nc6 18. Rbe1 Be6 19. Bxc6 bxc6 20. Qxe5 Bd5+
21. Nxd5 Qxd5+ 22. Qxd5+ cxd5 23. Re5 Rab8 24. b3 Rbc8 25. Rf2 Rc3 26. Kg2 Rfc8
27. Ree2 Kf7 28. Kf1 Kf6 29. Ke1 R3c6 30. Kd1 Re6 31. c4 dxc4 32. dxc4 Rd8+ 33.
Kc2 Rxe2+ 34. Rxe2 g5 35. b4 Rd4 36. Kc3 Rd1 37. c5 h5 38. Rd2 Rf1 39. a4 f4
40. gxf4 gxf4 41. b5 f3 42. b6 f2 43. Kd3 1-0

[Event "31st 4NCL Congress"]
[Site "Harrogate, North Yorkshire, ENG"]
[Date "2024.01.21"]
[Round "4.1"]
[White "Cuaresma, Gerald"]
[Black "Stokes, Mike R"]
[Result "0-1"]
[WhiteElo "1929"]
[BlackElo "1960"]
[PlyCount "72"]
[EventDate "2024.01.19"]

1. d4 Nf6 2. Bg5 d5 3. Bxf6 exf6 4. e3 Bd6 5. g3 Be6 6. Bg2 c6 7. Ne2 f5 8. b3
Nd7 9. Nd2 g5 10. c4 Nf6 11. Qc2 a5 12. Nc3 Rc8 13. Bf1 Ne4 14. c5 Bc7 15. Bd3
Qe7 16. Na4 h5 17. Nxe4 fxe4 18. Be2 Qf6 19. h3 h4 20. g4 Qe7 21. Rg1 Rf8 22.
O-O-O f5 23. gxf5 Bxf5 24. Bg4 Bxg4 25. Rxg4 Bd8 26. Rdg1 Qf7 27. R1g2 Qf3 28.
Nc3 Rc7 29. Rh2 Rcf7 30. Ne2 Bc7 31. Ng1 Qxg4 32. hxg4 Bxh2 33. Nh3 Rf3 34.
Nxg5 Rxf2 35. Qc3 Rg2 36. Qe1 Rg1 0-1

[Event "31st 4NCL Congress"]
[Site "Harrogate, North Yorkshire, ENG"]
[Date "2024.01.21"]
[Round "4.2"]
[White "Gibbs, Dominic V"]
[Black "Billenness, Greg"]
[Result "1-0"]
[WhiteElo "1927"]
[BlackElo "1874"]
[PlyCount "117"]
[EventDate "2024.01.19"]

1. Nf3 Nf6 2. g3 g6 3. b4 Bg7 4. Bb2 d6 5. d3 c6 6. a3 e5 7. Nbd2 Nbd7 8. Bg2
O-O 9. c4 Qe7 10. O-O Rb8 11. Qc2 Re8 12. e4 Nf8 13. c5 N6d7 14. cxd6 Qxd6 15.
Nc4 Qc7 16. d4 exd4 17. Bxd4 Bxd4 18. Nxd4 Ne5 19. Ne3 Ne6 20. Nxe6 Bxe6 21.
Kh1 Rbd8 22. Rad1 Qb6 23. Rxd8 Rxd8 24. Rd1 Rxd1+ 25. Qxd1 Bc4 26. Kg1 a5 27.
Qd6 Nd3 28. Qf6 Be6 29. Bf1 Nc1 30. Qc3 Nb3 31. Nc4 Bxc4 32. Bxc4 Nd4 33. bxa5
Qb1+ 34. Kg2 Qxe4+ 35. f3 Qc2+ 36. Qxc2 Nxc2 37. Kf2 Nxa3 38. Bd3 Nb5 39. Bxb5
cxb5 40. Ke3 b4 41. Kd4 b3 42. Kc3 b2 43. Kxb2 Kf8 44. Kc3 Ke7 45. Kc4 Kd6 46.
Kb5 Kc7 47. h3 h6 48. h4 f6 49. g4 f5 50. gxf5 gxf5 51. f4 h5 52. Kc5 Kb8 53.
Kb6 Kc8 54. Kb5 Kc7 55. Kc5 Kb8 56. Kd5 Ka7 57. Ke5 Ka6 58. Kxf5 Kxa5 59. Kg5
1-0

[Event "31st 4NCL Congress"]
[Site "Harrogate, North Yorkshire, ENG"]
[Date "2024.01.21"]
[Round "4.3"]
[White "Kane, Robert"]
[Black "Obi, Okwose Marc"]
[Result "0-1"]
[WhiteElo "1847"]
[BlackElo "1901"]
[PlyCount "80"]
[EventDate "2024.01.19"]

1. c4 e5 2. g3 Nc6 3. Bg2 f5 4. Nc3 Nf6 5. e3 d5 6. a3 dxc4 7. Qa4 e4 8. f4 Be6
9. Nh3 h6 10. Nf2 Bd6 11. g4 g6 12. gxf5 gxf5 13. Bf1 a6 14. Qd1 Qe7 15. Be2
O-O-O 16. Qa4 Qf7 17. b3 cxb3 18. Bxa6 b2 19. Bxb2 Nb8 20. Be2 Bb3 21. Qa8 Rhg8
22. a4 Bc4 23. a5 Bxe2 24. Nxe2 Ng4 25. a6 bxa6 26. Nd4 Nxf2 27. Kxf2 Kd7 28.
Rxa6 Nxa6 29. Qxa6 Qh5 30. Qb5+ Kc8 31. Qa6+ Kd7 32. Qb5+ Ke7 33. h4 Rdf8 34.
Nc6+ Kf7 35. Qd5+ Kg6 36. Rg1+ Kh7 37. Rxg8 Rxg8 38. Nd4 Qxh4+ 39. Ke2 Qg4+ 40.
Kf2 Qg1+ 0-1

[Event "31st 4NCL Congress"]
[Site "Harrogate, North Yorkshire, ENG"]
[Date "2024.01.21"]
[Round "4.4"]
[White "Nezis, Anastasios"]
[Black "Ashton, Alannah"]
[Result "1/2-1/2"]
[WhiteElo "1894"]
[BlackElo "1849"]
[PlyCount "88"]
[EventDate "2024.01.19"]

1. e4 c5 2. Nf3 d6 3. d4 cxd4 4. Nxd4 Nf6 5. Nc3 g6 6. Be3 Bg7 7. f3 O-O 8. Qd2
Nc6 9. g4 Be6 10. O-O-O Nxd4 11. Bxd4 Qa5 12. Kb1 Rfc8 13. a3 Rab8 14. g5 Nh5
15. Bxg7 Nxg7 16. Nd5 Qxd2 17. Rxd2 Bxd5 18. exd5 Rc5 19. Bh3 b5 20. Re1 Rb7
21. Re3 Rbc7 22. Rb3 Nh5 23. Rb4 a5 24. Rbd4 Kf8 25. Bg4 Ng7 26. h4 Rc4 27. b3
Rxd4 28. Rxd4 Ke8 29. Kb2 Rc5 30. b4 axb4 31. axb4 Rc7 32. Rd3 Rc4 33. Kb3 Nh5
34. Rd1 f5 35. gxf6 Nxf6 36. Be6 Rxh4 37. Ra1 Kf8 38. Ra8+ Kg7 39. Ra7 Kf8 40.
Rb7 Rf4 41. Rxb5 Rxf3+ 42. c3 g5 43. Rb8+ Kg7 44. Rb7 Kf8 1/2-1/2

[Event "31st 4NCL Congress"]
[Site "Harrogate, North Yorkshire, ENG"]
[Date "2024.01.21"]
[Round "4.5"]
[White "Howorth, Jack"]
[Black "Waters, Andrew C"]
[Result "1-0"]
[WhiteElo "1691"]
[BlackElo "1920"]
[PlyCount "107"]
[EventDate "2024.01.19"]

1. e4 Nf6 2. e5 Nd5 3. d4 d6 4. c4 Nb6 5. exd6 cxd6 6. Nf3 Bg4 7. h3 Bxf3 8.
Qxf3 Nc6 9. Be3 g6 10. Nc3 Bg7 11. c5 dxc5 12. dxc5 Nd7 13. Be2 O-O 14. O-O
Nde5 15. Qd5 e6 16. Qb3 Nd4 17. Qd1 Nxe2+ 18. Qxe2 Qd3 19. Qxd3 Nxd3 20. Rab1
Nxb2 21. Rxb2 Bxc3 22. Rxb7 a5 23. Rc1 Be5 24. c6 Rac8 25. a4 Rfd8 26. c7 Re8
27. Bb6 Kg7 28. Bxa5 Red8 29. Bc3 Bxc3 30. Rxc3 Rd1+ 31. Kh2 Ra1 32. Rb8 Rxc7
33. Rxc7 Rxa4 34. Rbb7 Rf4 35. Kg3 g5 36. f3 h6 37. Kf2 Kg6 38. g3 Rf5 39. Rc4
Ra5 40. Rb2 h5 41. h4 gxh4 42. Rxh4 f6 43. Rb6 Ra2+ 44. Kg1 Ra1+ 45. Kg2 Ra2+
46. Kh3 Rf2 47. Rxe6 Rxf3 48. Rf4 Ra3 49. Rfxf6+ Kg5 50. Rf4 h4 51. Re5+ Kg6
52. Kxh4 Ra8 53. Re6+ Kg7 54. Kg5 1-0

[Event "31st 4NCL Congress"]
[Site "Harrogate, North Yorkshire, ENG"]
[Date "2024.01.21"]
[Round "4.6"]
[White "Elgar, Tim"]
[Black "Butterworth, Paul"]
[Result "1-0"]
[WhiteElo "1980"]
[BlackElo "1832"]
[PlyCount "133"]
[EventDate "2024.01.19"]

1. Nf3 e6 2. g3 d5 3. Bg2 Nf6 4. O-O c5 5. d3 Nc6 6. Nbd2 Be7 7. e4 O-O 8. Re1
b5 9. e5 Nd7 10. Nf1 a5 11. h4 a4 12. a3 b4 13. h5 h6 14. N1h2 Qc7 15. Bf4 bxa3
16. bxa3 Re8 17. Ng4 Bf8 18. c4 Nb6 19. Ne3 Qd7 20. Rb1 Rb8 21. cxd5 Nxd5 22.
Nxd5 Rxb1 23. Nf6+ gxf6 24. Qxb1 f5 25. Nd2 Nd4 26. Nc4 Ba6 27. Nd6 Rd8 28. Kh2
Nb5 29. Qc1 Nxd6 30. exd6 Bxd6 31. Bxh6 Kh7 32. Bg5 Rg8 33. Rd1 Bb7 34. Be3
Bxg2 35. Kxg2 Qc6+ 36. Kf1 Qf3 37. Ke1 Bxg3 38. fxg3 Rxg3 39. Bxc5 Rg2 40. Rd2
Qg3+ 41. Kd1 Qf3+ 42. Kc2 Rg8 43. Qd1 Qd5 44. d4 Rb8 45. Bb4 Qb3+ 46. Kc1 Qe3
47. Kb2 Rc8 48. Rd3 Qf4 49. Qd2 Qf1 50. d5 exd5 51. Rxd5 Qc4 52. Rd3 Qe4 53.
Rd4 Qf3 54. Rd3 Qe4 55. h6 f4 56. Rd4 Qe5 57. Qxf4 Qe2+ 58. Rd2 Qe6 59. Qf3 Rg8
60. Qd3+ Rg6 61. Re2 Qb6 62. Qc2 Qf6+ 63. Ka2 Qf3 64. Rd2 Kxh6 65. Rh2+ Kg5 66.
Qc5+ Kg4 67. Qh5+ 1-0

[Event "31st 4NCL Congress"]
[Site "Harrogate, North Yorkshire, ENG"]
[Date "2024.01.21"]
[Round "4.7"]
[White "Mulleady, Peter J"]
[Black "Kenning, Paul H"]
[Result "1/2-1/2"]
[WhiteElo "1945"]
[BlackElo "1829"]
[PlyCount "60"]
[EventDate "2024.01.19"]

1. e4 d6 2. d4 Nf6 3. Nc3 e5 4. dxe5 dxe5 5. Qxd8+ Kxd8 6. Bg5 Be6 7. Nf3 Nbd7
8. O-O-O Bd6 9. Nb5 Kc8 10. Nxd6+ cxd6 11. Nd2 d5 12. exd5 Nxd5 13. Kb1 f6 14.
Bh4 Kd8 15. Bc4 Ke7 16. Rhe1 Rac8 17. Bxd5 Bxd5 18. f4 Ke6 19. fxe5 Nxe5 20.
Nf3 Bxf3 21. gxf3 Kf7 22. Re3 Rhd8 23. Rde1 Rd7 24. b3 Rc6 25. Bg3 Ng6 26. Kb2
Re7 27. c4 Rxe3 28. Rxe3 Ne7 29. Rd3 Ke6 30. Kc3 Nf5 1/2-1/2

[Event "31st 4NCL Congress"]
[Site "Harrogate, North Yorkshire, ENG"]
[Date "2024.01.21"]
[Round "4.8"]
[White "Towers, Brian"]
[Black "Nield, Christopher"]
[Result "0-1"]
[WhiteElo "1864"]
[BlackElo "1437"]
[PlyCount "96"]
[EventDate "2024.01.19"]

1. d4 Nf6 2. Nc3 g6 3. Bf4 Bg7 4. e3 O-O 5. h4 d5 6. Be2 c6 7. h5 Nbd7 8. hxg6
fxg6 9. Bh6 e5 10. Bxg7 Kxg7 11. dxe5 Nxe5 12. Qd4 Qe7 13. O-O-O b5 14. Nf3
Neg4 15. Rdf1 h6 16. Nh2 Qe5 17. Qxe5 Nxe5 18. Nf3 Nxf3 19. Bxf3 Bg4 20. Kd2
Rad8 21. Ne2 c5 22. c3 Ne4+ 23. Ke1 Bxf3 24. gxf3 Rxf3 25. Nf4 Ng5 26. Rfg1
Rxf4 27. exf4 Nf3+ 28. Ke2 Nxg1+ 29. Rxg1 Rf8 30. Rd1 Rf5 31. Ke3 Kf6 32. b3 g5
33. fxg5+ hxg5 34. f3 Ke5 35. Rd2 d4+ 36. cxd4+ cxd4+ 37. Kf2 g4 38. Rd3 Rxf3+
39. Rxf3 gxf3 40. Kxf3 Kf5 41. b4 a6 42. Ke2 Ke4 43. Kd2 d3 44. Kd1 Ke3 45. Ke1
d2+ 46. Kd1 Kd3 47. a4 bxa4 48. b5 a3 0-1

[Event "31st 4NCL Congress"]
[Site "Harrogate, North Yorkshire, ENG"]
[Date "2024.01.21"]
[Round "4.9"]
[White "Leigh, Dominic"]
[Black "Dean, Robert A"]
[Result "1-0"]
[WhiteElo "1687"]
[BlackElo "1835"]
[PlyCount "57"]
[EventDate "2024.01.19"]

1. d4 d5 2. c4 c6 3. Nf3 Nf6 4. Nc3 e6 5. Bg5 dxc4 6. e4 b5 7. e5 h6 8. Bh4 g5
9. Nxg5 hxg5 10. Bxg5 Nbd7 11. exf6 Bb7 12. g3 c5 13. d5 Qb6 14. Bg2 O-O-O 15.
O-O Ne5 16. Qe2 Nd3 17. dxe6 Bxg2 18. Kxg2 fxe6 19. b3 Bh6 20. Bxh6 Rxh6 21.
bxc4 bxc4 22. Rab1 Nf4+ 23. gxf4 Rg8+ 24. Kh1 Qd6 25. Qe4 Rgh8 26. Qb7+ Kd8 27.
Rbd1 Rxh2+ 28. Kg1 Rh1+ 29. Qxh1 1-0

[Event "31st 4NCL Congress"]
[Site "Harrogate, North Yorkshire, ENG"]
[Date "2024.01.21"]
[Round "4.11"]
[White "Williamson, Graham AG"]
[Black "Hymer, Barry J"]
[Result "1/2-1/2"]
[WhiteElo "1787"]
[BlackElo "1964"]
[PlyCount "35"]
[EventDate "2024.01.19"]

1. d4 Nf6 2. Bf4 c5 3. c3 b6 4. e3 Bb7 5. Nf3 d6 6. Nbd2 g6 7. Bc4 cxd4 8. cxd4
Bg7 9. O-O O-O 10. h3 Nbd7 11. Rc1 Nh5 12. Bh2 e5 13. Qb3 Qe7 14. Bd5 Bxd5 15.
Qxd5 Nhf6 16. Qb3 e4 17. Ne1 Rfc8 18. Rxc8+ 1/2-1/2

[Event "31st 4NCL Congress"]
[Site "Harrogate, North Yorkshire, ENG"]
[Date "2024.01.21"]
[Round "4.12"]
[White "Irving, Neil"]
[Black "Procter, Colin S"]
[Result "1/2-1/2"]
[WhiteElo "1964"]
[BlackElo "1796"]
[PlyCount "65"]
[EventDate "2024.01.19"]

1. Nf3 d6 2. d4 Nf6 3. c4 g6 4. Nc3 Bg7 5. e4 O-O 6. Be2 Nbd7 7. Be3 Ng4 8. Bg5
h6 9. Bh4 c6 10. h3 Ngf6 11. g4 g5 12. Bg3 Qa5 13. Qc2 e5 14. d5 cxd5 15. cxd5
Nc5 16. Nd2 Bd7 17. O-O Rfc8 18. Nc4 Qc7 19. b4 Ncxe4 20. Nxe4 b5 21. Nxf6+
Bxf6 22. Rac1 bxc4 23. Qxc4 Qxc4 24. Bxc4 a5 25. bxa5 Rxc4 26. Rxc4 Bb5 27. Rc6
Bxf1 28. Kxf1 Rxa5 29. Rxd6 Kg7 30. Ke2 Rxa2+ 31. Kd3 Ra4 32. Ke3 e4 33. Rc6
1/2-1/2

[Event "31st 4NCL Congress"]
[Site "Harrogate, North Yorkshire, ENG"]
[Date "2024.01.21"]
[Round "4.13"]
[White "Vickery, Jim E"]
[Black "Letton, Rob"]
[Result "1-0"]
[WhiteElo "1885"]
[BlackElo "1773"]
[PlyCount "51"]
[EventDate "2024.01.19"]

1. d4 c6 2. c4 d5 3. cxd5 cxd5 4. Nc3 Nc6 5. Nf3 Nf6 6. Bf4 e6 7. e3 Bb4 8. Bd3
Qa5 9. Qc2 Bd7 10. O-O Bxc3 11. Qxc3 Qxc3 12. bxc3 Na5 13. Rfc1 Nc4 14. Bxc4
dxc4 15. Nd2 Rc8 16. e4 Ke7 17. Bg5 h6 18. Bxf6+ gxf6 19. Rcb1 b6 20. a4 Bc6
21. f3 f5 22. exf5 exf5 23. Rb4 Bd5 24. a5 bxa5 25. Rxa5 Rc7 26. Rxd5 1-0